[Event "Madrid-chT 2223"]
[Site "Madrid"]
[Date "2023.03.19"]
[Round "14.4"]
[White "Yanes Crespo, Javier"]
[Black "Lozano Ramirez, Nestor Favian"]
[Result "0-1"]
[WhiteElo "2010"]
[BlackElo "2231"]
[PlyCount "126"]
[EventDate "2022.11.20"]
[EventType "team-tourn"]
[EventRounds "14"]
[EventCountry "ESP"]
[SourceTitle "Ajedrez en Madrid"]
[Source "lmi"]
[SourceDate "2022.11.21"]
[SourceVersion "1"]
[SourceVersionDate "2023.03.23"]
[SourceQuality "1"]
[WhiteTeam "Virgen de Atocha"]
[BlackTeam "Alcorcon Diagonal"]
[WhiteTeamCountry "ESP"]
[BlackTeamCountry "ESP"]

1. e4 g6 2. d4 Bg7 3. Nf3 c5 4. c3 cxd4 5. cxd4 d5 6. exd5 Nf6 7. Nc3 O-O 8.
Be2 Nxd5 9. Qb3 Nxc3 10. bxc3 Nc6 11. O-O b6 12. Rd1 Bb7 13. Bg5 Rc8 14. Rac1
Qd6 15. h3 e6 16. a4 Na5 17. Qc2 Bd5 18. Nd2 Bxd4 19. Qd3 Be5 20. Ne4 Bxe4 21.
Qxe4 Qc7 22. Bb5 Nb3 23. Rc2 Nc5 24. Qh4 a6 25. Be2 Rfe8 26. Be3 Red8 27. Rb1
a5 28. Rb5 Bd6 29. Bg5 Re8 30. Rb1 Be7 31. Bxe7 Qxe7 32. Qxe7 Rxe7 33. Rxb6
Nxa4 34. Ra6 Rxc3 35. Rxc3 Nxc3 36. Bf3 a4 37. Bc6 h5 38. Bxa4 Rb7 39. Bc6 Rb1+
40. Kh2 Rb2 41. Ra3 Nd1 42. f3 Rd2 43. Kg1 Nb2 44. Ra7 Kf8 45. Ra6 Kg7 46. Ra7
Nc4 47. Be8 Nd6 48. Rd7 Rd5 49. Rd8 h4 50. Ra8 Rd2 51. Bc6 Nf5 52. Ra3 Nd4 53.
Be8 Kf8 54. Ba4 g5 55. Bb3 Ne2+ 56. Kf1 Rb2 57. Bc4 Ng3+ 58. Kg1 Rc2 59. Bb5 f5
60. Re3 Ke7 61. Bd3 Rc3 62. Kf2 f4 63. Re5 Kf6 0-1

[Event "Madrid-chT 2223"]
[Site "Madrid"]
[Date "2023.03.19"]
[Round "14.5"]
[White "Aguilera Lopez, Alejandro"]
[Black "Serrano De Haro Sanchez, Agustin"]
[Result "1-0"]
[WhiteElo "2211"]
[BlackElo "1635"]
[PlyCount "89"]
[EventDate "2022.11.20"]
[EventType "team-tourn"]
[EventRounds "14"]
[EventCountry "ESP"]
[SourceTitle "Ajedrez en Madrid"]
[Source "lmi"]
[SourceDate "2022.11.21"]
[SourceVersion "1"]
[SourceVersionDate "2023.03.23"]
[SourceQuality "1"]
[WhiteTeam "Alcorcon Diagonal"]
[BlackTeam "Virgen de Atocha"]
[WhiteTeamCountry "ESP"]
[BlackTeamCountry "ESP"]

1. Nf3 Nf6 2. c4 g6 3. Nc3 Bg7 4. e4 d6 5. d4 O-O 6. Be2 Nbd7 7. O-O e5 8. d5
Nc5 9. Qc2 a5 10. b3 Nh5 11. Be3 b6 12. a3 a4 13. b4 Nb3 14. Rad1 Bd7 15. b5
Nc5 16. Bxc5 bxc5 17. Nxa4 Nf4 18. Rfe1 f5 19. Nc3 Rxa3 20. Qb2 Rxc3 21. Qxc3
fxe4 22. Nd2 Bf5 23. Bf1 Nd3 24. Bxd3 exd3 25. Ne4 Qh4 26. Qxd3 Bxe4 27. Qxe4
Qxf2+ 28. Kh1 Bh6 29. Qe2 Qh4 30. g3 Qh3 31. Rf1 Rf5 32. Rxf5 gxf5 33. Ra1 Kf7
34. Ra7 f4 35. Rxc7+ Ke8 36. b6 Kd8 37. Rf7 Kc8 38. gxf4 Bxf4 39. Qg2 Qxg2+ 40.
Kxg2 h6 41. h4 Bd2 42. Kf3 Bc1 43. Kg4 Bd2 44. Kf5 Bc1 45. Ke6 1-0

[Event "Madrid-chT 2223"]
[Site "Madrid"]
[Date "2023.03.19"]
[Round "14.6"]
[White "Municio Zuñiga, Jose"]
[Black "Rey Martinez, Jaime"]
[Result "0-1"]
[WhiteElo "1567"]
[BlackElo "2252"]
[PlyCount "132"]
[EventDate "2022.11.20"]
[EventType "team-tourn"]
[EventRounds "14"]
[EventCountry "ESP"]
[SourceTitle "Ajedrez en Madrid"]
[Source "lmi"]
[SourceDate "2022.11.21"]
[SourceVersion "1"]
[SourceVersionDate "2023.03.23"]
[SourceQuality "1"]
[WhiteTeam "Virgen de Atocha"]
[BlackTeam "Alcorcon Diagonal"]
[WhiteTeamCountry "ESP"]
[BlackTeamCountry "ESP"]

1. d4 d5 2. c4 dxc4 3. e3 e6 4. Nf3 c5 5. Bxc4 Nf6 6. O-O a6 7. a4 cxd4 8. Qe2
dxe3 9. Bxe3 Be7 10. Rd1 Qc7 11. Nbd2 O-O 12. Rac1 Nc6 13. Nd4 Bd7 14. N2f3 Ng4
15. h3 Nxe3 16. Qxe3 Bf6 17. b4 Qb6 18. b5 Nxd4 19. Nxd4 axb5 20. axb5 Rfc8 21.
Nf5 Qxe3 22. Nxe3 Be8 23. Be2 g6 24. Ng4 Bg5 25. Rb1 b6 26. Ne5 Ra2 27. Bf3
Rcc2 28. Nd3 Ra5 29. Nb4 Rc5 30. Bc6 Kf8 31. Nd3 Rc2 32. Ne5 Raa2 33. Rf1 Ke7
34. Ra1 Bf6 35. Rxa2 Rxa2 36. Ng4 Bxc6 37. bxc6 Rc2 38. Rb1 Rxc6 39. Kf1 Bd4
40. Rb4 Rc1+ 41. Ke2 Bc5 42. Rb3 Bd6 43. Rf3 f5 44. Ne3 b5 45. Kd2 Rg1 46. g4
Bc5 47. gxf5 gxf5 48. Nd1 b4 49. Nb2 Rg2 50. Ke2 Rg8 51. Rb3 Ra8 52. Nd3 Ra2+
53. Kf3 Kd6 54. h4 Ra3 55. Nc1 Kd5 56. Ke2 Rxb3 57. Nxb3 Kc4 58. Nd2+ Kc3 59.
f3 b3 60. Kd1 h5 61. Nb1+ Kd3 62. Kc1 Bd4 63. Kd1 e5 64. Nd2 b2 65. Nb1 e4 66.
fxe4 fxe4 0-1

[Event "Madrid-chT 2223"]
[Site "Madrid"]
[Date "2023.03.19"]
[Round "14.2"]
[White "Alarcia Astiz, Carlos"]
[Black "Garcia Luengo, Leandro"]
[Result "0-1"]
[WhiteElo "2261"]
[BlackElo "2281"]
[PlyCount "52"]
[EventDate "2022.11.20"]
[EventType "team-tourn"]
[EventRounds "14"]
[EventCountry "ESP"]
[SourceTitle "Ajedrez en Madrid"]
[Source "lmi"]
[SourceDate "2022.11.21"]
[SourceVersion "1"]
[SourceVersionDate "2023.03.23"]
[SourceQuality "1"]
[WhiteTeam "Blanco y Negro"]
[BlackTeam "San Fernando de Henares"]
[WhiteTeamCountry "ESP"]
[BlackTeamCountry "ESP"]

1. e4 c5 2. Nf3 Nc6 3. d4 cxd4 4. Nxd4 g6 5. f4 Bg7 6. Nf3 Nf6 7. Nc3 O-O 8.
Bd3 d5 9. e5 Ne8 10. a3 f6 11. exf6 Nxf6 12. O-O e5 13. fxe5 Ng4 14. Kh1 Ncxe5
15. Be2 Nxf3 16. Bxf3 d4 17. Ne4 Qc7 18. g3 Ne3 19. Bxe3 dxe3 20. c3 Qe5 21.
Qd6 e2 22. Rf2 Qxd6 23. Nxd6 Rxf3 24. Rxf3 Bg4 25. Re3 Bh6 26. Rd3 Rf8 0-1

[Event "Madrid-chT 2223"]
[Site "Madrid"]
[Date "2023.03.19"]
[Round "14.3"]
[White "Perez Gonzalez, Jose Manuel"]
[Black "Renteria Becerra, Jorge Elicer"]
[Result "0-1"]
[WhiteElo "2215"]
[BlackElo "2195"]
[PlyCount "83"]
[EventDate "2022.11.20"]
[EventType "team-tourn"]
[EventRounds "14"]
[EventCountry "ESP"]
[SourceTitle "Ajedrez en Madrid"]
[Source "lmi"]
[SourceDate "2022.11.21"]
[SourceVersion "1"]
[SourceVersionDate "2023.03.23"]
[SourceQuality "1"]
[WhiteTeam "San Fernando de Henares"]
[BlackTeam "Blanco y Negro"]
[WhiteTeamCountry "ESP"]
[BlackTeamCountry "ESP"]

1. e4 c5 2. Nf3 d6 3. d4 cxd4 4. Nxd4 Nf6 5. Nc3 a6 6. Bc4 e6 7. O-O Be7 8. a3
O-O 9. Ba2 Nc6 10. Be3 Nxd4 11. Bxd4 b5 12. f4 Bb7 13. Qd3 Qc7 14. Rae1 Rac8
15. Rf3 Qc6 16. Re2 a5 17. e5 dxe5 18. fxe5 Rfd8 19. Nxb5 Ba6 20. exf6 Bxf6 21.
Rxf6 Bxb5 22. Qg3 Rxd4 23. Re1 Rd2 24. Rxf7 Qc5+ 25. Kh1 Kxf7 26. Qf4+ Kg8 27.
Bxe6+ Kh8 28. Qxd2 Qxc2 29. Qxa5 Bc6 30. Qg5 Re8 31. h3 Qf2 32. Re5 Qxb2 33.
Rc5 h6 34. Qg6 Rxe6 35. Qg3 Bxg2+ 36. Qxg2 Re1+ 37. Kh2 Re2 38. Rc8+ Kh7 39.
Qxe2 Qxe2+ 40. Kg1 Qe3+ 41. Kg2 Qxa3 42. Rc2 0-1

[Event "Madrid-chT 2223"]
[Site "Madrid"]
[Date "2023.03.19"]
[Round "14.4"]
[White "Cubillo Muñoz, Miguel"]
[Black "Jimenez Lopez, Antonio"]
[Result "1/2-1/2"]
[WhiteElo "2151"]
[BlackElo "2236"]
[PlyCount "55"]
[EventDate "2022.11.20"]
[EventType "team-tourn"]
[EventRounds "14"]
[EventCountry "ESP"]
[SourceTitle "Ajedrez en Madrid"]
[Source "lmi"]
[SourceDate "2022.11.21"]
[SourceVersion "1"]
[SourceVersionDate "2023.03.23"]
[SourceQuality "1"]
[WhiteTeam "Blanco y Negro"]
[BlackTeam "San Fernando de Henares"]
[WhiteTeamCountry "ESP"]
[BlackTeamCountry "ESP"]

1. e4 c5 2. Nf3 d6 3. d4 cxd4 4. Qxd4 Nc6 5. Bb5 Bd7 6. Bxc6 Bxc6 7. Nc3 Nf6 8.
Bg5 e6 9. O-O-O Be7 10. Qd3 Qa5 11. Kb1 Rc8 12. h4 h6 13. Bd2 Qa6 14. Nd4 Qxd3
15. cxd3 Ng4 16. Nxc6 bxc6 17. Rdf1 Bf6 18. f3 Ne5 19. Kc2 c5 20. Nb5 Kd7 21.
Bc3 Rb8 22. Nxd6 Kxd6 23. f4 Rb7 24. fxe5+ Bxe5 25. Bxe5+ Kxe5 26. Kc3 Rd8 27.
h5 Rd4 28. Rh3 1/2-1/2

[Event "Madrid-chT 2223"]
[Site "Madrid"]
[Date "2023.03.19"]
[Round "14.5"]
[White "Gallego Bergada, Antoni"]
[Black "Lopez Jimenez, Marcos"]
[Result "1-0"]
[WhiteElo "2138"]
[BlackElo "1686"]
[PlyCount "55"]
[EventDate "2022.11.20"]
[EventType "team-tourn"]
[EventRounds "14"]
[EventCountry "ESP"]
[SourceTitle "Ajedrez en Madrid"]
[Source "lmi"]
[SourceDate "2022.11.21"]
[SourceVersion "1"]
[SourceVersionDate "2023.03.23"]
[SourceQuality "1"]
[WhiteTeam "San Fernando de Henares"]
[BlackTeam "Blanco y Negro"]
[WhiteTeamCountry "ESP"]
[BlackTeamCountry "ESP"]

1. e4 c5 2. Nf3 Nc6 3. d4 cxd4 4. Nxd4 Nf6 5. Nc3 e5 6. Ndb5 d6 7. Nd5 Nxd5 8.
exd5 Ne7 9. c4 Nf5 10. Bd3 Be7 11. O-O O-O 12. Kh1 a6 13. Nc3 Qc7 14. f4 g6 15.
g4 Ng7 16. f5 gxf5 17. gxf5 f6 18. Bh6 Rf7 19. Rg1 Bf8 20. Qg4 b6 21. Rg3 Kh8
22. Rag1 Ra7 23. a4 Qc5 24. R1g2 Qc7 25. h3 Qd8 26. Qh5 Qc7 27. Bxg7+ Bxg7 28.
Rxg7 1-0

[Event "Madrid-chT 2223"]
[Site "Madrid"]
[Date "2023.03.19"]
[Round "14.6"]
[White "Ruiz Grau, David"]
[Black "Romero Fite, Miguel"]
[Result "1/2-1/2"]
[WhiteElo "1554"]
[BlackElo "1987"]
[PlyCount "56"]
[EventDate "2022.11.20"]
[EventType "team-tourn"]
[EventRounds "14"]
[EventCountry "ESP"]
[SourceTitle "Ajedrez en Madrid"]
[Source "lmi"]
[SourceDate "2022.11.21"]
[SourceVersion "1"]
[SourceVersionDate "2023.03.23"]
[SourceQuality "1"]
[WhiteTeam "Blanco y Negro"]
[BlackTeam "San Fernando de Henares"]
[WhiteTeamCountry "ESP"]
[BlackTeamCountry "ESP"]

1. d4 Nf6 2. Nf3 d5 3. Bf4 e6 4. e3 Bd6 5. Bg3 O-O 6. Bd3 b6 7. Nbd2 c5 8. c3
Ba6 9. Bxa6 Nxa6 10. Ne5 Nb8 11. O-O Qc7 12. Ng4 Nxg4 13. Bxd6 Qxd6 14. Qxg4
Nc6 15. Nf3 e5 16. Nxe5 Nxe5 17. dxe5 Qxe5 18. Rad1 Rad8 19. Rd2 Rd6 20. Qg3
Qe6 21. Rfd1 Rfd8 22. Qh4 h6 23. h3 b5 24. Qg4 Qe5 25. a4 a6 26. axb5 axb5 27.
Qf3 R8d7 28. Qe2 c4 1/2-1/2

[Event "Madrid-chT 2223"]
[Site "Madrid"]
[Date "2023.03.19"]
[Round "14.1"]
[White "Alonso Garcia, Aaron"]
[Black "Rottenwohrer Suarez, Juan"]
[Result "1-0"]
[WhiteElo "2437"]
[BlackElo "2299"]
[PlyCount "77"]
[EventDate "2022.11.20"]
[EventType "team-tourn"]
[EventRounds "14"]
[EventCountry "ESP"]
[SourceTitle "Ajedrez en Madrid"]
[Source "lmi"]
[SourceDate "2022.11.21"]
[SourceVersion "1"]
[SourceVersionDate "2023.03.23"]
[SourceQuality "1"]
[WhiteTeam "Collado Villalba"]
[BlackTeam "San Sebastian de los Reyes"]
[WhiteTeamCountry "ESP"]
[BlackTeamCountry "ESP"]

1. e4 e5 2. Nf3 Nc6 3. Bb5 Nf6 4. d3 Bc5 5. c3 d6 6. d4 exd4 7. cxd4 Bb4+ 8.
Bd2 Bxd2+ 9. Nbxd2 O-O 10. O-O Bg4 11. Bxc6 bxc6 12. Qc2 Bxf3 13. Nxf3 Rb8 14.
b3 Rb6 15. Rfe1 h6 16. Re3 Re8 17. Rae1 d5 18. e5 Ne4 19. Nd2 Nxd2 20. Qxd2 Qe7
21. Rc1 Qb4 22. Qxb4 Rxb4 23. Rd3 Rb6 24. f4 a5 25. a4 f6 26. Kf2 Reb8 27. Rcc3
fxe5 28. fxe5 Rf8+ 29. Ke3 Rf1 30. Rc5 Rb1 31. Rxa5 R6xb3 32. Rxb3 Rxb3+ 33.
Kf4 Rb4 34. Ra7 Rxd4+ 35. Kf5 Rd2 36. Rxc7 Rf2+ 37. Ke6 Rxg2 38. Kd7 Kf7 39.
e6+ 1-0

[Event "Madrid-chT 2223"]
[Site "Madrid"]
[Date "2023.03.19"]
[Round "14.3"]
[White "Martin Duque, Jesus"]
[Black "Martinez Fernandez, Raul"]
[Result "1-0"]
[WhiteElo "2377"]
[BlackElo "2255"]
[PlyCount "59"]
[EventDate "2022.11.20"]
[EventType "team-tourn"]
[EventRounds "14"]
[EventCountry "ESP"]
[SourceTitle "Ajedrez en Madrid"]
[Source "lmi"]
[SourceDate "2022.11.21"]
[SourceVersion "1"]
[SourceVersionDate "2023.03.23"]
[SourceQuality "1"]
[WhiteTeam "Collado Villalba"]
[BlackTeam "San Sebastian de los Reyes"]
[WhiteTeamCountry "ESP"]
[BlackTeamCountry "ESP"]

1. Nf3 d5 2. b3 e6 3. Bb2 Nf6 4. g3 Bd6 5. Bg2 O-O 6. O-O b5 7. d3 Bb7 8. Nbd2
Nbd7 9. e4 dxe4 10. Ng5 c5 11. Ngxe4 Nxe4 12. Nxe4 Be5 13. Bxe5 Nxe5 14. Qh5
Nd7 15. Nxc5 Bxg2 16. Nxd7 Qxd7 17. Kxg2 Qc6+ 18. Kg1 b4 19. Rac1 Rfb8 20. Rfe1
Qa6 21. Re4 Qxa2 22. Rh4 h6 23. Rg4 Qb2 24. Qxh6 Kf8 25. Qg5 a5 26. d4 g6 27.
Rh4 Kg7 28. Qe5+ f6 29. Qc7+ Kg8 30. Re1 1-0

[Event "Madrid-chT 2223"]
[Site "Madrid"]
[Date "2023.03.19"]
[Round "14.4"]
[White "Hernandez Ramos, David"]
[Black "Suarez Uriel, Adrian"]
[Result "1/2-1/2"]
[WhiteElo "2096"]
[BlackElo "2370"]
[PlyCount "73"]
[EventDate "2022.11.20"]
[EventType "team-tourn"]
[EventRounds "14"]
[EventCountry "ESP"]
[SourceTitle "Ajedrez en Madrid"]
[Source "lmi"]
[SourceDate "2022.11.21"]
[SourceVersion "1"]
[SourceVersionDate "2023.03.23"]
[SourceQuality "1"]
[WhiteTeam "San Sebastian de los Reyes"]
[BlackTeam "Collado Villalba"]
[WhiteTeamCountry "ESP"]
[BlackTeamCountry "ESP"]

1. d4 Nf6 2. c4 g6 3. d5 b5 4. cxb5 a6 5. bxa6 c6 6. dxc6 Nxc6 7. Nf3 Bxa6 8.
g3 Qa5+ 9. Nbd2 e5 10. e3 e4 11. Ng1 Nb4 12. Bxa6 Qxa6 13. Ne2 Nd3+ 14. Kf1 d5
15. h3 Bb4 16. Kg2 O-O 17. Nb3 Rfc8 18. a3 Bd6 19. Rb1 Rab8 20. Ned4 Nd7 21.
Bd2 N7e5 22. Bc3 Nc4 23. Qe2 Nxa3 24. bxa3 Rxc3 25. Qg4 Qxa3 26. Nd2 Rxb1 27.
Rxb1 Qa2 28. Qd1 Qa6 29. Qg4 Be5 30. N2b3 Nxf2 31. Qd7 Ng4 32. hxg4 Bxd4 33.
Nxd4 Qa2+ 34. Kh3 Qxb1 35. Qe8+ Kg7 36. Qe5+ Kg8 37. Qe8+ 1/2-1/2

[Event "Madrid-chT 2223"]
[Site "Madrid"]
[Date "2023.03.19"]
[Round "14.5"]
[White "Quispe Arteaga, Gabriel"]
[Black "Karunanithi, Bharath"]
[Result "1-0"]
[WhiteElo "2376"]
[BlackElo "1800"]
[PlyCount "66"]
[EventDate "2022.11.20"]
[EventType "team-tourn"]
[EventRounds "14"]
[EventCountry "ESP"]
[SourceTitle "Ajedrez en Madrid"]
[Source "lmi"]
[SourceDate "2022.11.21"]
[SourceVersion "1"]
[SourceVersionDate "2023.03.23"]
[SourceQuality "1"]
[WhiteTeam "Collado Villalba"]
[BlackTeam "San Sebastian de los Reyes"]
[WhiteTeamCountry "ESP"]
[BlackTeamCountry "ESP"]

1. c4 e5 2. Nc3 d6 3. Nf3 g6 4. d4 f6 5. g3 Bg7 6. Bg2 Ne7 7. O-O O-O 8. Qb3 c6
9. Rd1 Qc7 10. c5+ d5 11. e4 Be6 12. dxe5 fxe5 13. Ng5 Bg4 14. f3 Bd7 15. Be3
Kh8 16. exd5 Nxd5 17. Nxd5 cxd5 18. Qxd5 h6 19. Ne6 Bxe6 20. Qxe6 Kh7 21. Rd6
Qf7 22. Qxf7 Rxf7 23. Rd8 Rf8 24. Rxf8 Bxf8 25. Rd1 Na6 26. b4 Nxb4 27. Rd7+
Kg8 28. f4 exf4 29. Bd4 Re8 30. Bxb7 Re1+ 31. Kg2 Re2+ 32. Kf1 Rc2 33. a3 Nd3
1-0